Patrones para resucitación cardiopulmonar y emergencia cardíaca /
Guardado en:
| Autor Principal: | |
|---|---|
| Formato: | |
| Materias: | |
| Etiquetas: |
Agregar Etiqueta
Sin Etiquetas, Sea el primero en etiquetar este registro!
|
| LEADER | 00953ngm a22002655g 4500 | ||
|---|---|---|---|
| 001 | CEM.cems021712 | ||
| 008 | 130507b1992##################0###0#####d | ||
| 005 | 20240904171724.0 | ||
| 245 | 1 | 0 | |a Patrones para resucitación cardiopulmonar y emergencia cardíaca / |c Archer S. Gordon. |
| 300 | |a 25 | ||
| 500 | |a En soporte VHS, consultar en ventanilla. | ||
| 505 | 0 | |a Ventilación y circulación artificiales. Resucitación cardiopulmonar. Primeros auxilios. | |
| 538 | |a Soporte: VHS - Norma: Pal N - Color - Grabación DRD 1992 - Hitachi=0000 | ||
| 100 | 1 | |a Gordon, Archer S. | |
| 082 | 6 | 1 | |/ GOR |
| 653 | |a PRIMEROS AUXILIOS | ||
| 653 | |a EDUCACION SANITARIA | ||
| 653 | |a MEDICINA | ||
| 653 | |a RESPIRACION ARTIFICIAL | ||
| 653 | |a PULMONES | ||
| 653 | |a RESUCITACION CARDIOPULMONAR | ||
| 653 | |a CORAZON | ||
| 653 | |a CIRCULACION ARTIFICIAL | ||
| 653 | |a NIVEL SECUNDARIO | ||
| 859 | |a CEMS |b BIB. CEMS - Depto. Recursos Didacticos |h 612 |i GOR |k DRD |p 355.12 |t Ej.1 | ||
